000 01120nam a2200265Ia 4500
003 OSt
005 20221005110550.0
006 a|||||r|||| 00| 0
007 ta
008 221004b |||||||| |||| 00| 0 hin d
020 _a8126310170 (hbk)
_cINR 500.00
024 _a36983
037 _bBW/1695, 15/03/2018, Bookwell
_cTextual
040 _aCRL
_cCRL
_bhin
041 _2hin
_ahin
082 _aDelta2y7M36, 152Q7
100 _aमिश्र, कृष्णबिहारी, ले.
245 0 _aकल्पतरू की उत्सव - लीला
_b रामकृष्ण परमहंस
246 _aKalpatarū kī utsav - līlā: rāmakṛuṣhṇa paramahansa
260 _aनई दिल्ली
_bभारतीय ज्ञानपीठ भारत
_c2017
300 _a597पृ0
_ccm.
650 _aआध्यात्मिक अनुभव और रहस्यवाद
942 _hDelta2y7M36, 152Q7
_cTEXL
_2cc
999 _c1019224
_d1019224